| 000 | 00887nac a22002657a 4500 | ||
|---|---|---|---|
| 001 | BR9101640 | ||
| 003 | BR-BrBNA | ||
| 005 | 20240105121150.0 | ||
| 008 | 230509b bl.|||m| |||| 00| 0 por d | ||
| 040 |
_aBR-BrBNA _bpor _cBiblioteca Nacional de Agricultura |
||
| 072 | _aP11; N20 | ||
| 090 | _a4630 BR9101640 | ||
| 100 | 1 | _aCoelho, E.F. | |
| 100 | 1 | _aConceicao, M.A.F. | |
| 110 | 1 |
_aCentro Nacional de Pesquisa de Agricultura Irrigada, Parnaiba, PI (Brasil) _91744 |
|
| 245 | 1 | _aRecomendacoes para instalacoes de drenos de bambu e de drenos livres | |
| 260 | 3 |
_aParnaiba, PI (Brasil): _c1990. |
|
| 300 | _a28 p. | ||
| 490 |
_aCircular Tecnica - Centro Nacional de Pesquisa de Agricultura Irrigada (Brazil) _vno. 2 _xISSN 0103-4057 |
||
| 500 | _a8 ref. | ||
| 650 | _aDRENAGEM | ||
| 650 | _aDRENO | ||
| 909 |
_a202312 _bLúcia Elande _c55 _dLúcia Elande |
||
| 942 |
_2AGRIS _n0 _cMS |
||
| 999 |
_c283691 _d283691 |
||